Electrical and Electronic Measurements and Instrumentation (Record no. 173222)

MARC details
000 -LEADER
fixed length control field 00605nam a22001817a 4500
005 - DATE AND TIME OF LATEST TRANSACTION
control field 20200220131924.0
010 ## - LCCN (DPL NO)
LC control number ENG-127913
020 ## - INTERNATIONAL STANDARD BOOK NUMBER
Terms of availability 495.00
International Standard Book Number 9789352301928
035 ## - SYSTEM CONTROL NUMBER
System control number EN-111445
037 ## - SOURCE OF ACQUISITION
Source of stock number/acquisition DBAD/PUB
082 ## - DEWEY DECIMAL CLASSIFICATION NUMBER
Classification number 621.37
100 ## - MAIN ENTRY--PERSONAL NAME
Personal name G.N. Srinivas
245 ## - TITLE STATEMENT
Title Electrical and Electronic Measurements and Instrumentation
Statement of responsibility, etc by G. N. Srinivas [and] S.Narasimha
260 ## - PUBLICATION, DISTRIBUTION, ETC. (IMPRINT)
Place of publication, distribution, etc Hyderabad
Date of publication, distribution, etc 2018
Name of publisher, distributor, etc BSP Publications
270 ## - ADDRESS
Address 4-4-309/316,Giriraj Lane,Sultan Bazar
Postal code 500095
City Hyderabad
Electronic mail address info@bspbooks.net
300 ## - PHYSICAL DESCRIPTION
Extent xxiv;545p.
Other physical details 24cm(pbk)
942 ## - ADDED ENTRY ELEMENTS (KOHA)
Source of classification or shelving scheme Dewey Decimal Classification
Item type English Books
Classification part 621.37
Call number suffix SRI
Holdings
Withdrawn status Lost status Not for loan Collection code Home library Current library Date acquired Source of acquisition Cost, normal purchase price Full call number Barcode Copy number Cost, replacement price Koha item type
      Non-fiction Central Library Central Library 20/02/2020 DBAD/PUB 495.00 621.37 SRI EN-111445 1 495.00 English Books

© Delhi Public Library
Hit Counter
free hit counter